POBLES DEL TARRAGONÈS - Estadísticas

Estadísticas generales
  • Esta prueba ha sido intentada 104 veces
  • La puntuación promedio es 12 de 21
Estadísticas de respuestas
INICIAL MUNICIPI % Correcto
T Tarragona
88%
A Altafulla
85%
C Constantí
81%
T Torredembarra
81%
V Vila-seca
79%
S Salou
77%
C Creixell
67%
C la Canonja
65%
R Roda de Berà
65%
C el Catllar
58%
P els Pallaresos
54%
P la Pobla de Mafumet
54%
M el Morell
50%
P la Pobla de Montornès
50%
N la Nou de Gaià
48%
S Salomó
48%
S la Secuita
40%
P Perafort
40%
V Vespella de Gaià
40%
V Vilallonga del Camp
40%
R Renau
35%
No se encontraron pruebas coincidentes
Distribución de puntuación
Porcentaje de gente con cada puntuación
Porcentaje por número respondido
Historial de tus puntuaciones
No has intentado esta prueba.